Statistics for Olivia Rodrigo - making the bed (Lyrics)

Click here to take the quiz!

General Stats

  • This quiz has been taken 509 times
  • The average score is 330 of 391

Answer Stats

Answer% Correct
I
100%
a
98%
be
97%
the
97%
it,
96%
it
96%
making
96%
Making
96%
so
96%
bed,
95%
bed
95%
it's
95%
it's
95%
me
95%
Me
95%
do
94%
my
94%
who
94%
who's
93%
who's
93%
am
92%
been
92%
But
92%
go
92%
like
92%
to
92%
feel
91%
some
91%
of
90%
Want
90%
don't
89%
don't
89%
got
89%
with
89%
at
88%
I'm
88%
thing
88%
Where
88%
where
88%
head
87%
head,
87%
sometimes
87%
Sometimes
87%
that
87%
friends
86%
Getting
86%
wanna
86%
Another
85%
drunk
85%
for
85%
all
84%
club
84%
away
83%
best
83%
did
83%
in
83%
just
83%
know
83%
people
83%
done
82%
not
82%
over
81%
And
80%
and
80%
Pull
80%
sheets
80%
can
79%
fun
79%
Push
79%
ruined
79%
'cause
78%
tired
78%
used
78%
every
77%
Every
77%
girl
77%
on
77%
being
76%
good
75%
say
74%
well
74%
Well,
74%
love
72%
could
71%
out
71%
plastic
71%
day
70%
piece
70%
sign
70%
throw
70%
fair-weather
69%
victim
69%
dream
68%
forced
68%
night,
68%
said
68%
up
68%
nothing
67%
playing
67%
something
67%
can't
66%
dread
66%
into
66%
older
66%
took
66%
wake
66%
attraction
65%
mine
65%
read
65%
tell
65%
than
65%
They
65%
they
65%
light,
64%
one
64%
pretending
64%
red
64%
tourist
64%
what
64%
conversation
63%
control
62%
them
62%
turned
62%
as
61%
doesn't
61%
life
61%
off
61%
road
61%
stop
61%
thought
61%
this
60%
wanted,
60%
distraction
59%
driving
59%
has
59%
imagined
59%
moment
59%
perfect
59%
things
59%
brakes
57%
through
57%
city
56%
feels
56%
someone
56%
swerve
56%
happen
54%
let
53%
machinery
53%
from
51%
changing
50%
somewhere
50%
recurring
48%
They're
46%
regret
40%
beautiful
38%
Counting
36%

Score Distribution

Percentile by Number Answered

Percent of People with Each Score

Your Score History

You have not taken this quiz